|
|
|
|
| LEADER |
00000nam0a2200000 4500 |
| 001 |
70429 |
| 005 |
20231101212519.0 |
| 010 |
|
|
|a 5705004974
|
| 035 |
|
|
|a (RuTPU)RU\TPU\book\74991
|
| 090 |
|
|
|a 70429
|
| 100 |
|
|
|a 20041123d2007 km y0rusy50 ca
|
| 101 |
0 |
|
|a rus
|
| 102 |
|
|
|a RU
|
| 105 |
|
|
|a a z 001zy
|
| 200 |
1 |
|
|a Математические модели средних рисков производителя при контроле партии однородной продукции
|f Н. Г. Назаров, А. Н. Назаров
|
| 210 |
|
|
|a Москва
|c Стандартинформ
|d 2007
|
| 215 |
|
|
|a 83 с.
|c ил.
|
| 320 |
|
|
|a Литература: с. 81.
|
| 330 |
|
|
|a В книге представлены математические модели средних рисков (затрат) производителя применительно к трем видам контроля качества партии однородных изделий: сплошному контролю изделий в партии, контролю на основе однократной и последовательной случайных выборок. Предложены алгоритмы определения ограничений на вероятности ошибок 1-го и 2-го рода по критерию минимума средних рисков производителя. Книга предназначена для специалистов, занимающихся приемосдаточными и сертификационными испытаниями партий однородной продукции и разработкой нормативной документации в этой сфере деятельности. Рекомендуется также преподавателям и студентам вузов, ведущих подготовку по направлению «Стандартизация, сертификация и метрология».
|
| 606 |
1 |
|
|a Технический контроль
|x Статистические методы
|2 stltpush
|3 (RuTPU)RU\TPU\subj\60111
|9 77600
|
| 610 |
1 |
|
|a промышленные предприятия
|
| 610 |
1 |
|
|a продукция
|
| 610 |
1 |
|
|a изделия
|
| 610 |
1 |
|
|a затраты
|
| 610 |
1 |
|
|a математические модели
|
| 610 |
1 |
|
|a случайная выборка
|
| 610 |
1 |
|
|a сплошной контроль
|
| 610 |
1 |
|
|a производители
|
| 610 |
1 |
|
|a риски
|
| 610 |
1 |
|
|a стандартизация
|
| 610 |
1 |
|
|a сертификация
|
| 610 |
1 |
|
|a метрология
|
| 675 |
|
|
|a 658.562
|v 3
|
| 700 |
|
1 |
|a Назаров
|b Н. Г.
|g Николай Григорьевич
|
| 701 |
|
1 |
|a Назаров
|b А. Н.
|g Алексей Николаевич
|
| 801 |
|
1 |
|a RU
|b 63413507
|c 20041123
|g PSBO
|
| 801 |
|
2 |
|a RU
|b 63413507
|c 20141114
|g PSBO
|
| 900 |
|
|
|a Математические модели метрологии
|
| 942 |
|
|
|c BK
|